000 03477cam a22012134i 4500
003 PE-LiUPU
005 20250813185436.0
008 200102s2011 pe r 000 0 spa d
020 _a6124073099
020 _a9786124073090
035 _a(Sirsi) a252783
040 _aPE-LiUPU
_bspa
_cPE-LiUPU
_erda
049 _aPRUA
082 0 4 _a364.1323
_bG63
_223
100 1 _aGómez Mendoza, Gonzalo,
_eautor.
245 1 0 _aParticipación y corrupción en la administración pública /
_cGonzalo Gómez Mendoza.
250 _a1ra edición.
264 1 _aLima :
_bEditorial Rodhas,
_c2011.
300 _a426 páginas ;
_c24 centímetros.
336 _atext
_2rdacontent
337 _aunmediated
_2rdamedia
338 _avolume
_2rdacarrier
505 0 _aLa inmoralidad y el delito -- Autoría-participación -- La autoría mediata, los aparatos organizados y alternativas -- Antecedentes de la corrupción -- El fenómeno de la corrupción -- Cómo entender el fenómeno de la corrupción -- El delito de cohecho desde el ámbito de la tutela de la institución: La imagen de la administración -- Acuerdo ilícito como núcleo del injusto típico -- Componentes de los actos corruptos -- La corrupción en el poder judicial -- Responsabilidades que derivan de ilicitudes en la función pública -- Tipos de corrupción -- Marco normativo en el código penal -- Causas y efectos de la corrupción -- Formas de corrupción -- Criterios para disminuir la corrupción.
526 _aP202
526 _aP201
526 _aP163
526 _aP162
526 _aP161
526 _aP160
526 _aP148
526 _aP147
526 _aP146
526 _aP145
526 _aP144
526 _aP143
526 _aP142
526 _aP141
526 _aP140
526 _aP139
526 _aP138
526 _aP137
526 _aP136
526 _aP135
526 _aP134
526 _aP133
526 _aP129
526 _aP128
526 _aP127
526 _aP120
526 _aP119
526 _aP118
526 _aP116
526 _aP115
526 _aP114
526 _aP110
526 _aP109
526 _aP108
526 _aP104
526 _aP103
526 _aP102
526 _aP99
526 _aP98
526 _aP97
526 _aP96
526 _aP95
526 _aP93
526 _aP90
526 _aP89
526 _aP88
526 _aP83
526 _aP82
526 _aP62
526 _aP59
526 _aP58
526 _aP57
526 _aP51
526 _aP49
526 _aP48
526 _aP47
526 _aP29
526 _aP24
526 _aP20
526 _aP19
526 _aP17
526 _aP15
526 _aP14
526 _aP12
526 _aP10
526 _aP09
526 _aP08
526 _aP07
526 _aP06
526 _aP05
526 _aP04
526 _aP01
650 0 4 _aCorrupción administrativa
_z-Perú.
650 0 4 _aAdministración pública
_x-Aspectos morales y éticos
_z-Perú
910 _adbm
_bksl
_cksl
_d20200102
942 _2ddc
_cBOOK
994 _aC0
_bPEPRU
596 _a1
999 _a364.1323 G63
_wDEWEY
_c32005
_i80881
_f2021-11-5
_g2
_lCCODEBUL1
_mBUL
_p30.00
_r0
_sY
_tBOOK
_u2020-1-2
_xFCE
_PP04
_0COMPRA
_o.STAFF. Colección Ciencias Empresariales
_d32005
980 _81
_gALBERTO SANCHEZ Responsable de Automatización